The Roman bridge between Dolni Vadin (Bulgaria) and Grojdibodu (Romania) /
This volume contains all the available data on the Roman bridge over the Danube which connected Dolni Vadin (Bulgaria) and Grojdibodu (Romania) that the author was able to access given the fact that there have been no archaeological excavations at the feet of the bridge.
المؤلف الرئيسي:
التنسيق: كتاب الكتروني
اللغة: English
منشور في:
Summertown, Oxford :
Archaeopress Publishing Ltd,
2018.
سلاسل:
Archaeopress Roman archaeology ;
38.
الموضوعات:
الوصول للمادة أونلاين: Login to view Source
الوسوم: إضافة وسم
رقم الطلب: DR239.2
| LEADER | 01933nam a2200421 i 4500 | ||
|---|---|---|---|
| 001 | EDZ0001950827 | ||
| 003 | StDuBDS | ||
| 005 | 20230412182133.0 | ||
| 006 | m|||||o||d|||||||| | ||
| 007 | cr ||||||||||| | ||
| 008 | 181011s2018 enka fob 000|0|eng|d | ||
| 020 | |a 9781784918088 (ebook) : |c No price | ||
| 040 | |a StDuBDS |b eng |c StDuBDS |e rda |e pn | ||
| 050 | 4 | |a DR239.2 | |
| 082 | 0 | 4 | |a 939.88 |2 23 |
| 100 | 1 | |a Bondoc, Dorel, |e author. | |
| 245 | 1 | 4 | |a The Roman bridge between Dolni Vadin (Bulgaria) and Grojdibodu (Romania) / |c Dorel Bondoc. |
| 264 | 1 | |a Summertown, Oxford : |b Archaeopress Publishing Ltd, |c 2018. | |
| 300 | |a 1 online resource (vi, 108 pages) : |b illustrations (black and white, and colour). | ||
| 336 | |a text |2 rdacontent | ||
| 336 | |a still image |2 rdacontent | ||
| 337 | |a computer |2 rdamedia | ||
| 338 | |a online resource |2 rdacarrier | ||
| 490 | 1 | |a Archaeopress Roman archaeology ; |v 38 | |
| 500 | |a Previously issued in print: 2018. | ||
| 504 | |a Includes bibliographical references. | ||
| 520 | 8 | |a This volume contains all the available data on the Roman bridge over the Danube which connected Dolni Vadin (Bulgaria) and Grojdibodu (Romania) that the author was able to access given the fact that there have been no archaeological excavations at the feet of the bridge. | |
| 521 | |a Specialized. | ||
| 588 | |a Description based on online resource; title from home page (viewed on October 11, 2018). | ||
| 650 | 0 | |a Bridges, Roman |z Romania |z Grojdibodu. | |
| 650 | 0 | |a Bridges, Roman |z Bulgaria |z Dolni Vadin. | |
| 650 | 0 | |a Bridges, Roman |z Danube River. | |
| 776 | 0 | 8 | |i Print version : |z 9781784918071 |
| 830 | 0 | |a Archaeopress Roman archaeology ; |v 38. | |
| 856 | 4 | 0 | |3 Archaeopress |u http://library.arce.org:8087/Archaeopress/Products/9781784918071 |
| 942 | |2 lcc |c EBOOK | ||
| 952 | |0 0 |1 0 |4 0 |6 DR02392 |7 1 |9 46368 |a ARCH |b ARCH |d 2023-04-12 |l 0 |o DR239.2 |r 2023-04-12 00:00:00 |w 2023-04-12 |y EBOOK | ||
| 999 | |c 52026 |d 52026 | ||
